Deutsche Bundesländer vs. US-Bundesstaaten - Statistiken

Allgemein
  • Dieses Quiz wurde 326 mal gespielt
  • Das Durchschnittsergebnis liegt bei 8 aus 15
Antwortstatistiken
Frage Antwort % Korrekt
In welchem US-Bundesstaat gibt es eine Stadt mit mehr Einwohnern als Berlin? Kalifornien
86%
Welche drei Bundesstaaten haben eine geringere Fläche als Rheinland-Pfalz (knapp 20.000 km²)? Delaware, Rhode Island, Connecticut
76%
Während in Deutschland die meisten Bundesländer (5) diesen Anfangsbuchstaben haben, beginnt damit kein einziger US-Bundesstaat. Welcher Buchstabe ist gesucht? B
74%
Die größte Stadt welches Bundeslandes und die Hauptstadt welches US-Bundesstaats tragen fast den gleichen Namen? Hessen und Kentucky
72%
In Deutschland ist Hamburg das Land mit dem höchsten Bruttoinlandsprodukt pro Kopf. In den USA ist es (nach Washington, D.C.) welcher Bundesstaat? New York
71%
Mit 69 Einwohnern je km² ist Mecklenburg-Vorpommern das am dünnsten besiedelte Bundesland. Wie viele Einwohner je km² leben im am dünnsten besiedelten US-Bundesstaat Alaska? 0,5
67%
Welcher US-Bundesstaat hat nicht mehr Einwohner als Nordrhein-Westfalen mit knapp 18 Mio.? Ohio
63%
In welchen US-Bundesstaat würde Baden-Württemberg flächenmäßig 8 mal hineinpassen? Nevada
55%
Deutschlands ältester Nationalpark wurde 1970 gegründet und liegt in Bayern (Bayerischer Wald). Der älteste Nationalpark der USA wurde bereits 100 Jahre früher gegründet und liegt überwiegend in welchem Bundesstaat? Wyoming
50%
Die meisten Meisterschaften in der Fußball-Bundesliga gingen natürlich an das Land Bayern. Aus welchem Bundesstaat kam am häufigsten der Gewinner des Super Bowls im American Football? Kalifornien
42%
Mit Mainz, Wiesbaden und Düsseldorf liegen drei Landeshauptstädte an Deutschlands größtem Fluss, dem Rhein. Die Hauptstädte welcher US-Bundesstaaten liegen am Mississippi? Minnesota und Louisiana
37%
Welcher US-Bundesstaat grenzt wie Schleswig-Holstein an drei andere Bundesstaaten, einen ausländischen Staat und ans Meer? Kalifornien
35%
Welche US-Bundesstaaten haben wie Rheinland-Pfalz, Berlin oder Mecklenburg-Vorpommern weibliche Regierungschefinnen (Gouverneurinnen)? Alabama, Iowa, New York
31%
Auf der Flagge Brandenburgs ist ein Adler abgebildet, auf der niedersächsischen ein Pferd. Auf der Flagge welches US-Bundesstaats sind beide Tiere zu sehen? Pennsylvania
28%
Mit jeweils ca. 2,1 Mio. Einwohnern leben in Thüringen und Sachsen-Anhalt etwa so viele Menschen wie in welchem US-Bundesstaat? New Mexico
27%
Keine übereinstimmenden Quizze gefunden
Verteilung der Resultate
Anzahl Personen mit jedem Resultat
Perzentil nach korrekt beantworteten Fragen
Ihre Resultats-Entwicklung
Sie haben dieses Quiz noch nicht gespielt